Makarenko y la educación colectivista.

Gardado en:
Detalles Bibliográficos
Autor Principal: Hernández, Margarita (autor)
Outros autores: Valdivia, Luis Miguel (autor) (autor)
Formato: Libro
Idioma:Lingua castelá
Series:(Biblioteca pedagógica ; no. 6)
Temas:
Etiquetas: Engadir etiqueta
Sen Etiquetas, Sexa o primeiro en etiquetar este rexistro!

MARC

LEADER 00000cam^a2200000uu^4500
001 000479922
005 20250521000000.0
008 050901s1985^^^^^^^^^^^^rd^r^^000^0^spa^d
009 20260310124948.5
022 |a 9686011978 
035 |a FCE 000022929 
035 |a FCE 004108 
037 |a Acervo ITESO - Biblioteca 
041 |a spa 
082 0 4 |a 082.1  |b SECa 6 
100 |a Hernández, Margarita  |e (autor) 
245 1 0 |a Makarenko y la educación colectivista. 
264 |a México :  |b SEP : El Caballito,  |c 1985. 
300 |a 157 p. 
336 |a texto  |b txt  |2 rdacontenido 
337 |a sin mediación  |b n  |2 rdamedio 
338 |a volumen  |b nc  |2 rdasoporte 
440 0 |a (Biblioteca pedagógica ;  |v no. 6) 
649 |a XX 
650 |a Educación comunitaria 
650 |a Trabajador 
650 |a Sociología de la educación 
650 |a Socialismo 
650 |a Antología 
650 |a Educación integral 
650 |a Medios de producción 
650 |a URSS 
700 |a Valdivia, Luis Miguel  |e (autor) 
910 |a Fondo Centro de Estudios Educativos 
920 |a Impresos - Libros 
930 |a Fondos Especiales 
905 |a 133 
901 |a ALE004108  |b IT2  |c CEE  |u 20250521 
901 |a ALE067124  |b IT2  |c CEE  |u 20250521 
902 |a https://opac.biblio.iteso.mx/vufind/Record/000479922